[Event "Massy Op"]
[Site "Massy"]
[Date "2010.07.02"]
[Round "?"]
[White "Msellek, Ilyass"]
[Black "Preschez,  Francois"]
[Result "1-0"]
[WhiteElo "2024"]
[BlackElo "1850"]
[PlyCount "71"]
[EventDate "2010.06.??"]
[EventType "swiss"]
[EventRounds "7"]
[EventCountry "FRA"]
[WhiteTeamCountry "FRA"]
[BlackTeamCountry "FRA"]

1. e4 c5 2. Nf3 d6 3. Bb5+ Bd7 4. Bxd7+ Qxd7 5. O-O Nc6 6. Re1 Nf6 7. c3 g6 8.
d4 cxd4 9. cxd4 Bg7 10. Nc3 O-O 11. h3 Rad8 12. Bg5 h6 13. Bh4 a6 14. Qd2 Kh7
15. Nd5 Rde8 16. Bxf6 Bxf6 17. Nxf6+ exf6 18. d5 Ne5 19. Nd4 Qe7 20. b3 Rc8 21.
Rac1 Nd7 22. f3 Kg7 23. Rc3 Rxc3 24. Qxc3 Nb6 25. Qe3 Rc8 26. h4 Nd7 27. h5 Qe5
28. hxg6 fxg6 29. f4 Qh5 30. f5 g5 31. Rc1 Qe8 32. Ne6+ Kh7 33. Rc3 Rxc3 34.
Qxc3 Ne5 35. Qc7+ Nd7 36. Qxd7+ 1-0

[Event "Massy Op"]
[Site "Massy"]
[Date "10.07.02"]
[Round "?"]
[White "Trkulja , Nicolas"]
[Black "Frere,  Bruno"]
[Result "0-1"]
[WhiteElo "1725"]
[BlackElo "1797"]
[PlyCount "56"]
[EventDate "2010.06.??"]
[EventType "swiss"]
[EventRounds "7"]
[EventCountry "FRA"]
[WhiteTeamCountry "FRA"]
[BlackTeamCountry "FRA"]

1. d4 g6 2. e4 Bg7 3. Nc3 d6 4. Be3 Nf6 5. f3 O-O 6. Qd2 Re8 7. Bc4 c6 8. Nge2
b5 9. Bb3 a5 10. a4 b4 11. Nd1 Na6 12. O-O Nc7 13. Nf2 Ba6 14. Nd3 Nd7 15. f4
Nf6 16. Ng3 e6 17. Rfd1 Ng4 18. Nf2 Nxe3 19. Qxe3 Qh4 20. c3 Rab8 21. cxb4 Rxb4
22. Rac1 Reb8 23. Rc3 c5 24. e5 c4 25. Bxc4 Bxc4 26. Qc1 d5 27. Nd3 R4b7 28.
Nc5 Rxb2 0-1

[Event "Massy Op"]
[Site "Massy"]
[Date "2010.07.02"]
[Round "?"]
[White "De Lagontrie, Jean"]
[Black "Demetz , Yves"]
[Result "1/2-1/2"]
[WhiteElo "1965"]
[BlackElo "1833"]
[PlyCount "64"]
[EventDate "2010.06.??"]
[EventType "swiss"]
[EventRounds "7"]
[EventCountry "FRA"]
[WhiteTeamCountry "FRA"]
[BlackTeamCountry "FRA"]

1. d4 Nf6 2. c4 g6 3. Nc3 d5 4. cxd5 Nxd5 5. e4 Nxc3 6. bxc3 Bg7 7. Bc4 c5 8.
Ne2 Nc6 9. Be3 O-O 10. O-O Bg4 11. f3 Na5 12. Bd3 cxd4 13. cxd4 Be6 14. d5 Bxa1
15. Qxa1 f6 16. Rb1 Bd7 17. Bh6 Re8 18. e5 Bc6 19. dxc6 Qxd3 20. exf6 exf6 21.
Ng3 Qd6 22. Ne4 Rxe4 23. cxb7 Rb8 24. fxe4 Rxb7 25. Rxb7 Nxb7 26. Qc1 Nd8 27.
Qc4+ Ne6 28. Qc8+ Kf7 29. Qb7+ Qc7 30. Qxc7+ Nxc7 31. Be3 a6 32. a4 Ne6 1/2-1/2

[Event "Massy Op"]
[Site "Massy"]
[Date "10.07.02"]
[Round "?"]
[White "Tirel,  Marcel"]
[Black "Albaric, Etienne"]
[Result "0-1"]
[WhiteElo "1680"]
[BlackElo "1727"]
[PlyCount "86"]
[EventDate "2010.06.??"]
[EventType "swiss"]
[EventRounds "7"]
[EventCountry "FRA"]
[WhiteTeamCountry "FRA"]
[BlackTeamCountry "FRA"]

1. d4 Nf6 2. c4 g6 3. Nf3 Bg7 4. Nc3 d5 5. cxd5 Nxd5 6. e4 Nxc3 7. bxc3 c5 8.
Be3 O-O 9. Be2 Nc6 10. O-O Bg4 11. e5 Qc7 12. h3 Bf5 13. Bd3 Bxd3 14. Qxd3 Rfd8
15. Qc2 e6 16. Rad1 b6 17. Rd2 Ne7 18. Bg5 Rd7 19. Rfd1 Rc8 20. Qb3 cxd4 21.
Bxe7 Rxe7 22. cxd4 Rd7 23. Rd3 Qc6 24. Kf1 Rd5 25. Qb2 Qc4 26. Kg1 Bf8 27. Qb3
Qc6 28. Qb2 Qa4 29. Qe2 Bh6 30. Nh2 Rc2 31. Qf3 Rxa2 32. Ng4 Bg7 33. h4 Qd7 34.
Nf6+ Bxf6 35. exf6 Rc2 36. g4 a5 37. Qf4 Qe8 38. Rb3 b5 39. Rdb1 b4 40. Ra3 Rc8
41. Ra4 g5 42. hxg5 Qxa4 43. g6 Qc2 0-1

[Event "Massy Op"]
[Site "Massy"]
[Date "2010.07.02"]
[Round "?"]
[White "Barchilon, Jean Charles"]
[Black "Pernet, Roger"]
[Result "1-0"]
[WhiteElo "1946"]
[BlackElo "1804"]
[PlyCount "107"]
[EventDate "2010.06.??"]
[EventType "swiss"]
[EventRounds "7"]
[EventCountry "FRA"]
[WhiteTeamCountry "FRA"]
[BlackTeamCountry "FRA"]

1. d4 f5 2. Nf3 Nf6 3. g3 b6 4. Bg2 Bb7 5. O-O e6 6. c4 Be7 7. b3 O-O 8. Bb2 a5
9. Nc3 Ne4 10. Qc2 Nxc3 11. Bxc3 Be4 12. Qb2 Bf6 13. a3 d6 14. b4 Nd7 15. Qd2
axb4 16. axb4 Qe7 17. Qb2 b5 18. c5 d5 19. Ra3 c6 20. Rfa1 Rxa3 21. Rxa3 Bxf3
22. Bxf3 e5 23. e3 f4 24. Bg4 exd4 25. exd4 Bg5 26. Ra7 Rd8 27. Bd2 Qe8 28. Qc1
Nf6 29. Bxf4 Bxf4 30. Qxf4 Nxg4 31. Qxg4 Qe1+ 32. Kg2 Qe4+ 33. Qxe4 dxe4 34.
Rc7 Rxd4 35. Rxc6 Rxb4 36. Rb6 Rb2 37. c6 Rc2 38. Rxb5 Rxc6 39. Re5 Rc4 40. g4
e3 41. f3 Rc2+ 42. Kg3 e2 43. h4 Kf7 44. Kf2 h6 45. Rxe2 Rxe2+ 46. Kxe2 g5 47.
hxg5 hxg5 48. Kd3 Ke7 49. Ke3 Kd6 50. Kd4 Ke6 51. Ke4 Kf6 52. Kd5 Kf7 53. Ke5
Kg6 54. Ke6 1-0

[Event "Massy Op"]
[Site "Massy"]
[Date "2010.07.02"]
[Round "?"]
[White "Lavabre, Fabien"]
[Black "Aurel, Luc"]
[Result "1/2-1/2"]
[WhiteElo "2236"]
[BlackElo "2185"]
[PlyCount "44"]
[EventDate "2010.06.??"]
[EventType "swiss"]
[EventRounds "7"]
[EventCountry "FRA"]
[WhiteTeamCountry "FRA"]
[BlackTeamCountry "FRA"]

1. e4 d6 2. d4 g6 3. Nc3 Bg7 4. Be2 Nc6 5. Nf3 Bg4 6. Be3 a6 7. O-O Bxf3 8.
Bxf3 Nf6 9. e5 Nd7 10. exd6 exd6 11. Qe2 O-O 12. Bxc6 bxc6 13. Qc4 Nb8 14. Rad1
Qc8 15. d5 c5 16. b4 cxb4 17. Qxb4 Nd7 18. Bd4 Ne5 19. Qa4 Qd7 20. Qxd7 Nxd7
21. Rfe1 Rfe8 22. Kf1 Rxe1+ 1/2-1/2

[Event "Massy Op"]
[Site "Massy"]
[Date "2010.07.02"]
[Round "?"]
[White "Gaudin, Roger"]
[Black "Champagne, Pascal"]
[Result "0-1"]
[WhiteElo "1597"]
[BlackElo "1685"]
[PlyCount "70"]
[EventDate "2010.06.??"]
[EventType "swiss"]
[EventRounds "7"]
[EventCountry "FRA"]
[WhiteTeamCountry "FRA"]
[BlackTeamCountry "FRA"]

1. d4 Nf6 2. c4 g6 3. Nc3 d6 4. Nf3 Bg7 5. Bg5 c5 6. dxc5 Qa5 7. Qa4+ Qxa4 8.
Nxa4 Bd7 9. Nc3 dxc5 10. e3 O-O 11. Bd3 a6 12. O-O Nc6 13. Rad1 Bg4 14. Be2
Rad8 15. h3 Bf5 16. Na4 Rxd1 17. Rxd1 Bc2 18. Nxc5 Bxd1 19. Bxd1 b5 20. cxb5
axb5 21. Be2 b4 22. Bb5 Na7 23. Ba4 Rc8 24. Nd3 Nc6 25. Nfe5 Nxe5 26. Nxe5 Ne4
27. Nc6 Rxc6 28. Bxe7 Rc1+ 29. Kh2 Nxf2 30. Kg3 Ne4+ 31. Kf3 Nc5 32. b3 Bf8 33.
Bf6 Bg7 34. Be7 Nxa4 35. bxa4 Ra1 0-1

[Event "Massy Op"]
[Site "Massy"]
[Date "2010.07.02"]
[Round "?"]
[White "Plantet, Marc"]
[Black "Legrand, Stephane"]
[Result "0-1"]
[WhiteElo "1914"]
[BlackElo "2129"]
[PlyCount "78"]
[EventDate "2010.06.??"]
[EventType "swiss"]
[EventRounds "7"]
[EventCountry "FRA"]
[WhiteTeamCountry "FRA"]
[BlackTeamCountry "FRA"]

1. e4 e5 2. Nf3 Nc6 3. Bc4 Nf6 4. Ng5 d5 5. exd5 Na5 6. Bb5+ c6 7. dxc6 bxc6 8.
Be2 h6 9. Nf3 e4 10. Ne5 Qd4 11. f4 Bc5 12. Rf1 Bd6 13. c3 Qd5 14. b4 Bxe5 15.
fxe5 Qxe5 16. bxa5 Qxh2 17. Ba3 Qh4+ 18. Rf2 e3 19. dxe3 Ne4 20. Qd4 Be6 21. g3
Qh1+ 22. Rf1 Qg2 23. Qxg7 O-O-O 24. Qe5 Kb7 25. a6+ Kc8 26. Bf3 Qc2 27. Qxe4
Rd1+ 28. Bxd1 Qxe4 29. Kf2 Bh3 30. Rg1 Re8 31. Bc1 Qf5+ 32. Ke1 Re6 33. g4 Qf6
34. Be2 Rd6 35. g5 hxg5 36. Bg4+ Bxg4 37. Rxg4 c5 38. Bd2 Qf3 39. Rxg5 Rh6 0-1

[Event "Massy Op"]
[Site "Massy"]
[Date "2010.07.02"]
[Round "?"]
[White "Legrand , Francoise"]
[Black "Tchimichkian, Vardan"]
[Result "0-1"]
[WhiteElo "1763"]
[BlackElo "1565"]
[PlyCount "57"]
[EventDate "2010.06.??"]
[EventType "swiss"]
[EventRounds "7"]
[EventCountry "FRA"]
[WhiteTeamCountry "FRA"]
[BlackTeamCountry "FRA"]

1. e4 e5 2. Nf3 d5 3. exd5 e4 4. Qe2 f5 5. d4 Nf6 6. Ne5 Be7 7. Qb5+ Nbd7 8.
Bc4 a6 9. Qa4 Bd6 10. Bg5 O-O 11. Qb3 b5 12. Be2 h6 13. Bh4 Nxe5 14. dxe5 Bxe5
15. d6+ Kh8 16. dxc7 Qxc7 17. Nc3 Bxc3+ 18. Qxc3 Qxc3+ 19. bxc3 g5 20. O-O-O
gxh4 21. Rd6 Bb7 22. Rhd1 Bd5 23. R1xd5 Nxd5 24. Rxd5 Kg7 25. Rd6 Rf6 26. Rd7+
Kg6 27. c4 bxc4 28. Bxc4 Rc8 29. Bxa6 0-1

[Event "Massy Op"]
[Site "Massy"]
[Date "10.07.02"]
[Round "?"]
[White "Rubcke, Horst"]
[Black "Cambus , Patrick"]
[Result "0-1"]
[WhiteElo "1615"]
[BlackElo "1728"]
[PlyCount "82"]
[EventDate "2010.06.??"]
[EventType "swiss"]
[EventRounds "7"]
[EventCountry "FRA"]
[WhiteTeamCountry "FRA"]
[BlackTeamCountry "FRA"]

1. e4 d5 2. e5 c5 3. f4 Bf5 4. d3 e6 5. Nf3 Nc6 6. Be2 Be7 7. O-O Nh6 8. h3 O-O
9. Bd2 f6 10. Nh4 fxe5 11. Nxf5 Nxf5 12. fxe5 Nxe5 13. Qc1 Ng6 14. Bg4 Qb6 15.
c3 Ng3 16. Re1 e5 17. b3 e4 18. dxe4 dxe4 19. Be3 Qf6 20. Nd2 Ne5 21. Nxe4 Nxe4
22. Qc2 Nxg4 23. Qxe4 Nxe3 24. Qxe3 Rf7 25. Rf1 Qd6 26. Rfd1 Qc6 27. c4 Bf6 28.
Kh1 Bxa1 29. Rxa1 Re8 30. Qd3 Rfe7 31. Rd1 Re3 32. Qc2 Rxh3+ 33. Kg1 Rhe3 34.
Rf1 Qg6 35. Qd2 Qe6 36. Qf2 b6 37. Qf4 Re1 38. g3 Rxf1+ 39. Qxf1 Qe3+ 40. Kg2
Rf8 41. Qg1 Qe2+ 0-1

[Event "Massy Op"]
[Site "Massy"]
[Date "2010.07.02"]
[Round "?"]
[White "Nguyen, Vincent"]
[Black "Debray, Christopher"]
[Result "0-1"]
[WhiteElo "2211"]
[BlackElo "2377"]
[PlyCount "50"]
[EventDate "2010.06.??"]
[EventType "swiss"]
[EventRounds "7"]
[EventCountry "FRA"]
[WhiteTeamCountry "FRA"]
[BlackTeamCountry "FRA"]

1. e4 e5 2. Nf3 Nc6 3. Bc4 Nf6 4. Ng5 d5 5. exd5 Na5 6. d3 h6 7. Nf3 e4 8. Qe2
Nxc4 9. dxc4 Bc5 10. Nfd2 O-O 11. Nb3 Bg4 12. Qf1 Bb4+ 13. c3 Be7 14. Be3 b5
15. h3 bxc4 16. Qxc4 Bh5 17. g4 Bg6 18. N1d2 Nxd5 19. O-O-O Nxe3 20. fxe3 Bg5
21. Nf1 Qf6 22. Qc5 Rfd8 23. Nd4 Qf2 24. Nc2 Rxd1+ 25. Kxd1 Qf3+ 0-1

[Event "Massy Op"]
[Site "Massy"]
[Date "2010.07.02"]
[Round "?"]
[White "Baldi, Valentine"]
[Black "Frere , Mehdi"]
[Result "1/2-1/2"]
[WhiteElo "1622"]
[BlackElo "1320"]
[PlyCount "51"]
[EventDate "2010.06.??"]
[EventType "swiss"]
[EventRounds "7"]
[EventCountry "FRA"]
[WhiteTeamCountry "FRA"]
[BlackTeamCountry "FRA"]

1. d4 g6 2. c4 Bg7 3. e4 d6 4. Nc3 c5 5. Nf3 Nc6 6. Be3 Bg4 7. d5 Bxc3+ 8. bxc3
Ne5 9. Be2 Qa5 10. Bd2 Bxf3 11. gxf3 Nf6 12. O-O O-O 13. Qb3 Qc7 14. Rab1 b6
15. Kh1 Qc8 16. Rg1 h5 17. Rg2 Qh3 18. Rg3 Qc8 19. Rf1 h4 20. Rg2 Qh3 21. f4
Nxe4 22. fxe5 Nxd2 23. Qc2 Nxf1 24. Rxg6+ fxg6 25. Qxg6+ Kh8 26. Qh6+ 1/2-1/2

[Event "Massy Op"]
[Site "Massy"]
[Date "2010.07.02"]
[Round "?"]
[White "Bounya, Myriam"]
[Black "Trommsdorf, Fro"]
[Result "1-0"]
[WhiteElo "1812"]
[BlackElo "2069"]
[PlyCount "49"]
[EventDate "2010.06.??"]
[EventType "swiss"]
[EventRounds "7"]
[EventCountry "FRA"]
[WhiteTeamCountry "FRA"]
[BlackTeamCountry "FRA"]

1. d4 Nf6 2. c4 g6 3. Nc3 d5 4. cxd5 Nxd5 5. e4 Nxc3 6. bxc3 Bg7 7. Bc4 c5 8.
Be3 Qc7 9. Ne2 cxd4 10. Bb5+ Bd7 11. Bxd7+ Nxd7 12. cxd4 O-O 13. O-O Rfc8 14.
Rc1 Qa5 15. Qb3 b5 16. Nc3 a6 17. Nd5 Bf8 18. Bg5 Rxc1 19. Rxc1 Rc8 20. Nxe7+
Bxe7 21. Rxc8+ Kg7 22. h4 Qe1+ 23. Kh2 Bxg5 24. hxg5 Qxf2 25. Qh3 1-0

[Event "Massy Op"]
[Site "Massy"]
[Date "2010.07.02"]
[Round "?"]
[White "Robert, Jean Marie"]
[Black "Levesque, Thomas"]
[Result "0-1"]
[WhiteElo "1834"]
[BlackElo "1974"]
[PlyCount "62"]
[EventDate "2010.06.??"]
[EventType "swiss"]
[EventRounds "7"]
[EventCountry "FRA"]
[WhiteTeamCountry "FRA"]
[BlackTeamCountry "FRA"]

1. c4 e5 2. g3 f5 3. Bg2 Nf6 4. Nc3 Bb4 5. Qc2 Bxc3 6. Qxc3 d6 7. d3 O-O 8. e3
Qe7 9. Ne2 c6 10. O-O Be6 11. b3 Na6 12. Bb2 Bf7 13. Rfe1 Bh5 14. d4 Bxe2 15.
Rxe2 e4 16. Rc1 d5 17. cxd5 Nxd5 18. Qd2 g5 19. a3 g4 20. Qc2 Rf6 21. h4 gxh3
22. Bxh3 Qf7 23. Bg2 Qh5 24. Qd1 Rh6 25. Rec2 Qh2+ 26. Kf1 Rg6 27. b4 Nac7 28.
Rc5 Rxg3 29. fxg3 Nxe3+ 30. Kf2 Nxd1+ 31. Rxd1 e3+ 0-1

[Event "Massy Op"]
[Site "Massy"]
[Date "2010.07.02"]
[Round "?"]
[White "Legrand , Antoine"]
[Black "Perolle, Guy"]
[Result "0-1"]
[WhiteElo "1668"]
[BlackElo "1693"]
[PlyCount "87"]
[EventDate "2010.06.??"]
[EventType "swiss"]
[EventRounds "7"]
[EventCountry "FRA"]
[WhiteTeamCountry "FRA"]
[BlackTeamCountry "FRA"]

1. e4 c5 2. Nf3 Nc6 3. d4 cxd4 4. Nxd4 Nf6 5. Nc3 d6 6. f3 g6 7. Be3 Bg7 8. Bb5
Bd7 9. Qd2 Qa5 10. O-O-O a6 11. Nb3 Qc7 12. Bc4 b5 13. Bd5 Rb8 14. Ne2 Nxd5 15.
exd5 Ne5 16. Bd4 Rc8 17. f4 Nc4 18. Qc3 f6 19. Rhe1 O-O 20. h3 b4 21. Qxb4 Ne3
22. Qc3 Nxd1 23. Qxc7 Rxc7 24. Kxd1 e5 25. Bb6 Rb7 26. Bf2 f5 27. fxe5 Bxe5 28.
Bd4 Re8 29. Bxe5 Rxe5 30. Nf4 Kf7 31. Rxe5 dxe5 32. Ne6 Bxe6 33. dxe6+ Ke7 34.
Kd2 Rb6 35. c4 Rxe6 36. Na5 e4 37. Ke3 g5 38. a4 f4+ 39. Ke2 h5 40. b4 g4 41.
hxg4 hxg4 42. b5 f3+ 43. gxf3 exf3+ 44. Kf2 0-1

[Event "Massy Op"]
[Site "Massy"]
[Date "2010.07.02"]
[Round "?"]
[White "Guilleux, Fabien"]
[Black "Veron, Cyprien"]
[Result "1-0"]
[WhiteElo "2394"]
[BlackElo "2087"]
[PlyCount "121"]
[EventDate "2010.06.??"]
[EventType "swiss"]
[EventRounds "7"]
[EventCountry "FRA"]
[WhiteTeamCountry "FRA"]
[BlackTeamCountry "FRA"]

1. d4 d5 2. c4 c6 3. Nf3 Nf6 4. Nc3 e6 5. Bg5 h6 6. Bxf6 Qxf6 7. e3 g6 8. Bd3
Bg7 9. O-O Nd7 10. cxd5 exd5 11. b4 Qd6 12. Qb3 O-O 13. b5 Nb6 14. bxc6 bxc6
15. h3 Be6 16. Rac1 Rfc8 17. Ba6 Rc7 18. Qc2 Qa3 19. Bd3 Rb8 20. Rb1 Qe7 21.
Na4 Nd7 22. Rxb8+ Nxb8 23. Nc5 Bc8 24. Rc1 Qf6 25. Qb2 Nd7 26. Nxd7 Bxd7 27.
Qb8+ Rc8 28. Qxa7 Bxh3 29. Qb7 Bf5 30. Ne5 Rf8 31. Bxf5 Qxf5 32. Nxc6 Bf6 33.
Nb4 Rd8 34. a4 Qg5 35. Qc6 h5 36. Nd3 h4 37. Nf4 Qf5 38. Qc2 Qg4 39. Qd1 Qf5
40. Qd3 Qg4 41. a5 g5 42. Nh3 Qe6 43. a6 Ra8 44. Ra1 Qc8 45. Kh1 Kg7 46. f3 Ra7
47. Nf2 Qb8 48. Ng4 Qg3 49. Qe2 Bd8 50. e4 Bb6 51. Qe3 Kg6 52. exd5 Bc7 53. Qe8
Kg7 54. Qe7 Bf4 55. Qf6+ Kf8 56. d6 Ke8 57. d7+ Rxd7 58. a7 Rxa7 59. Qh8+ Kd7
60. Rxa7+ Bc7 61. Qe5 1-0

[Event "Massy Op"]
[Site "Massy"]
[Date "2010.07.02"]
[Round "?"]
[White "Legrand, Claire"]
[Black "Andre, Philippe"]
[Result "0-1"]
[WhiteElo "1593"]
[BlackElo "1793"]
[PlyCount "42"]
[EventDate "2010.06.??"]
[EventType "swiss"]
[EventRounds "7"]
[EventCountry "FRA"]
[WhiteTeamCountry "FRA"]
[BlackTeamCountry "FRA"]

1. e4 Nf6 2. Nc3 d5 3. exd5 Nxd5 4. Nxd5 Qxd5 5. d4 Nc6 6. Nf3 Bg4 7. Be2 O-O-O
8. Be3 f6 9. O-O e6 10. h3 h5 11. c4 Qa5 12. hxg4 hxg4 13. Nh2 Rxh2 14. Bxg4
Rh4 15. Bxe6+ Kb8 16. Bd5 Nxd4 17. Bxd4 c6 18. Bc3 Qc7 19. g3 Rh8 20. Re1 Bc5
21. b4 Qxg3+ 0-1

[Event "Massy Op"]
[Site "Massy"]
[Date "2010.07.02"]
[Round "?"]
[White "Imbert, Gerard"]
[Black "Ghersi , Kader"]
[Result "1/2-1/2"]
[WhiteElo "1694"]
[BlackElo "1759"]
[PlyCount "68"]
[EventDate "2010.06.??"]
[EventType "swiss"]
[EventRounds "7"]
[EventCountry "FRA"]
[WhiteTeamCountry "FRA"]
[BlackTeamCountry "FRA"]

1. d4 d5 2. c4 c6 3. e3 e6 4. Nf3 Nf6 5. Bd3 Bd6 6. O-O O-O 7. Nc3 Nbd7 8. e4
dxe4 9. Nxe4 Nxe4 10. Bxe4 Nf6 11. Bc2 h6 12. h3 Re8 13. Ne5 Qc7 14. Ng4 Nxg4
15. hxg4 Be7 16. Qd3 f5 17. gxf5 exf5 18. Bd2 Bd7 19. Rae1 Rad8 20. Qh3 Bg5 21.
Bxg5 hxg5 22. Qh5 Qa5 23. Rxe8+ Rxe8 24. d5 Re1 25. Qxg5 cxd5 26. cxd5 Rxf1+
27. Kxf1 Bb5+ 28. Kg1 Qe1+ 29. Kh2 Qxf2 30. Qxf5 Qh4+ 31. Qh3 Qxh3+ 32. Kxh3
Bc4 33. a3 Bxd5 34. g3 Kf7 1/2-1/2

[Event "Massy Op"]
[Site "Massy"]
[Date "2010.07.02"]
[Round "?"]
[White "Mousset Evtouchenko, Nina"]
[Black "Gandolfo, Georges"]
[Result "1-0"]
[WhiteElo "1735"]
[BlackElo "1604"]
[PlyCount "103"]
[EventDate "2010.06.??"]
[EventType "swiss"]
[EventRounds "7"]
[EventCountry "FRA"]
[WhiteTeamCountry "FRA"]
[BlackTeamCountry "FRA"]

1. d4 d5 2. Nc3 Nf6 3. Bg5 Nbd7 4. Nf3 c6 5. e3 h6 6. Bh4 g5 7. Bg3 Ne4 8. Nxe4
dxe4 9. Nd2 Nf6 10. Be5 Bf5 11. Bc4 Bg7 12. Qe2 b5 13. Bb3 O-O 14. f4 exf3 15.
gxf3 Bg6 16. h4 Nd5 17. Bxg7 Kxg7 18. hxg5 hxg5 19. O-O-O Rh8 20. Ne4 Bxe4 21.
fxe4 Nf6 22. e5 Nd5 23. Qf3 Rxh1 24. Rxh1 Qd7 25. c3 Rh8 26. Rxh8 Kxh8 27. Qh5+
Kg7 28. Qxg5+ Kf8 29. Qh6+ Kg8 30. Bc2 f5 31. Qg6+ Kf8 32. Bxf5 e6 33. Bxe6 Qg7
34. Qxg7+ Kxg7 35. Bxd5 cxd5 36. Kd2 Kg6 37. Kd3 Kf5 38. b3 a6 39. c4 dxc4+ 40.
bxc4 b4 41. e4+ Ke6 42. c5 a5 43. Kc4 Kd7 44. d5 Kc7 45. e6 Kd8 46. d6 Ke8 47.
c6 b3 48. axb3 Kd8 49. Kb5 Kc8 50. Kb6 a4 51. bxa4 Kd8 52. c7+ 1-0

[Event "Massy Op"]
[Site "Massy"]
[Date "10.07.02"]
[Round "?"]
[White "Benmenni, Boubekeur"]
[Black "Dean, Pietro"]
[Result "1-0"]
[WhiteElo "1726"]
[BlackElo "1479"]
[PlyCount "54"]
[EventDate "2010.06.??"]
[EventType "swiss"]
[EventRounds "7"]
[EventCountry "FRA"]
[WhiteTeamCountry "FRA"]
[BlackTeamCountry "FRA"]

1. d4 Nf6 2. c4 b6 3. Nc3 Bb7 4. d5 e6 5. dxe6 dxe6 6. Qxd8+ Kxd8 7. Bg5 Nbd7
8. O-O-O Kc8 9. f3 h6 10. Bf4 g5 11. Bg3 Nh5 12. Bf2 Ba6 13. e4 Ne5 14. Bd4 Bg7
15. g4 Nf4 16. h4 c5 17. Bxe5 Bxe5 18. hxg5 hxg5 19. Rxh8+ Bxh8 20. Nge2 Bxc4
21. Nxf4 gxf4 22. Bxc4 Bxc3 23. bxc3 Kc7 24. Bb5 Rd8 25. Rh1 Kd6 26. Rd1+ Ke7
27. Rxd8 Kxd8 1-0

[Event "Rennes op 03th"]
[Site "Rennes"]
[Date "2010.07.17"]
[Round "1.1"]
[White "Rachid, Danial"]
[Black "Bratanov, Zsivko"]
[Result "0-1"]
[WhiteElo "2039"]
[BlackElo "2480"]
[PlyCount "82"]
[EventDate "2010.07.??"]
[EventType "swiss"]
[EventRounds "9"]
[EventCountry "FRA"]
[WhiteTeamCountry "FRA"]
[BlackTeamCountry "FRA"]

1. e4 c5 2. Nc3 e6 3. g3 d5 4. Bg2 dxe4 5. Nxe4 Bd7 6. Ne2 Bc6 7. O-O Nf6 8.
N2c3 Nxe4 9. Nxe4 Be7 10. d3 O-O 11. Be3 Nd7 12. f4 f5 13. Nc3 Qb6 14. Rb1 Nf6
15. Qe2 Ng4 16. Nd1 Rae8 17. h3 Bxg2 18. Kxg2 Nf6 19. Bd2 Qc6+ 20. Qf3 Qxf3+
21. Rxf3 b5 22. Ne3 a6 23. Bc3 g6 24. Re1 Kf7 25. g4 Nd7 26. b3 Nb8 27. Rg3 Bh4
28. Nf1 Bxg3 29. Kxg3 Nc6 30. Nd2 Nb4 31. Nf3 Nxc2 32. Rc1 Ne3 33. Be5 Rd8 34.
Rxc5 Rc8 35. Bd6 Rfd8 36. d4 Nd5 37. Ng5+ Kg8 38. Nxe6 Nc3 39. Rxc8 Rxc8 40.
Nc5 Ne2+ 41. Kh4 Nxd4 0-1

[Event "Rennes op 03th"]
[Site "Rennes"]
[Date "2010.07.17"]
[Round "1.2"]
[White "Karpatchev, Aleksandr"]
[Black "Aubry, Yannis"]
[Result "1/2-1/2"]
[WhiteElo "2476"]
[BlackElo "2011"]
[PlyCount "94"]
[EventDate "2010.07.??"]
[EventType "swiss"]
[EventRounds "9"]
[EventCountry "FRA"]
[WhiteTeamCountry "FRA"]
[BlackTeamCountry "FRA"]

1. e4 e6 2. d4 d5 3. Nd2 Nf6 4. e5 Nfd7 5. c3 c5 6. Bd3 Nc6 7. Ngf3 f6 8. O-O
cxd4 9. cxd4 fxe5 10. Nxe5 Ndxe5 11. dxe5 Nxe5 12. Qh5+ Nf7 13. Re1 Be7 14.
Bxh7 Kf8 15. Nf3 Bf6 16. Bf4 Bd7 17. Rac1 Rc8 18. Rxc8 Qxc8 19. Rc1 Qe8 20. Rc7
e5 21. Bd2 Nd6 22. Qxe8+ Kxe8 23. Bb4 Nb5 24. Bg6+ Kd8 25. Rc1 e4 26. a4 exf3
27. axb5 Bxb5 28. gxf3 Bc6 29. Bc3 d4 30. Bxd4 Bxd4 31. Rd1 Ke7 32. Rxd4 Rd8
33. Rf4 Rf8 34. Rxf8 Kxf8 35. Be4 Ke7 36. Bxc6 bxc6 37. Kf1 Kf6 38. Ke2 Kg5 39.
Ke3 Kh4 40. Kf4 Kh3 41. Kg5 Kxh2 42. Kg6 Kg2 43. f4 Kf3 44. f5 Kf4 45. b4 Ke5
46. Kxg7 Kxf5 47. Kf7 Kf4 1/2-1/2

[Event "Rennes op 03th"]
[Site "Rennes"]
[Date "2010.07.17"]
[Round "1.3"]
[White "Melloul, Claude"]
[Black "Okhotnik, Vladimir"]
[Result "0-1"]
[WhiteElo "2006"]
[BlackElo "2467"]
[PlyCount "45"]
[EventDate "2010.07.??"]
[EventType "swiss"]
[EventRounds "9"]
[EventCountry "FRA"]
[WhiteTeamCountry "FRA"]
[BlackTeamCountry "FRA"]

1. e4 c5 2. Nf3 a6 3. c4 d6 4. d4 Bg4 5. Be2 Nc6 6. d5 Bxf3 7. Bxf3 Nd4 8. O-O
g6 9. Nc3 Bg7 10. Re1 b5 11. Bf4 b4 12. Na4 Kf8 13. e5 Nh6 14. g4 f5 15. h3
fxg4 16. hxg4 Nf7 17. exd6 exd6 18. Bg3 Rc8 19. Bg2 h5 20. Qd3 h4 21. Bh2 h3
22. Bh1 Qd7 23. Re4 0-1

[Event "Rennes op 03th"]
[Site "Rennes"]
[Date "2010.07.17"]
[Round "1.5"]
[White "Houlgate, Anthony"]
[Black "Lejarre, Ludovic"]
[Result "0-1"]
[WhiteElo "1987"]
[BlackElo "2385"]
[PlyCount "98"]
[EventDate "2010.07.??"]
[EventType "swiss"]
[EventRounds "9"]
[EventCountry "FRA"]
[WhiteTeamCountry "FRA"]
[BlackTeamCountry "FRA"]

1. e4 e5 2. Nf3 Nc6 3. Bb5 a6 4. Ba4 Nf6 5. O-O Be7 6. Re1 b5 7. Bb3 d6 8. c3
O-O 9. h3 Na5 10. Bc2 c5 11. d4 Qc7 12. Nbd2 cxd4 13. cxd4 Rd8 14. d5 Bd7 15.
Nf1 Rdc8 16. Bd3 Nb7 17. Bd2 Nc5 18. Rc1 Qb7 19. Bb1 b4 20. b3 a5 21. Ng3 Bd8
22. Nh2 g6 23. Qf3 Bb5 24. Bg5 Ncd7 25. Ng4 Nxg4 26. Qxg4 Rxc1 27. Rxc1 Rc8 28.
Rxc8 Qxc8 29. Bxd8 Qxd8 30. Nf5 Qf6 31. Nh6+ Kg7 32. Nf5+ Kf8 33. Ne3 h5 34.
Qd1 Nc5 35. Nc4 Bxc4 36. bxc4 Qg5 37. Bc2 h4 38. Bd3 Qf4 39. Qe2 a4 40. Bc2 b3
41. Bb1 Qc1+ 42. Qf1 Qb2 43. f4 exf4 44. axb3 Qxb3 45. Qe1 a3 46. e5 dxe5 47.
d6 Qe3+ 48. Qxe3 fxe3 49. Kf1 Ne4 0-1

[Event "Rennes op 03th"]
[Site "Rennes"]
[Date "2010.07.17"]
[Round "1.6"]
[White "Spassov, Liuben"]
[Black "Schmouchkovitch, Michel"]
[Result "1-0"]
[WhiteElo "2376"]
[BlackElo "1979"]
[PlyCount "121"]
[EventDate "2010.07.??"]
[EventType "swiss"]
[EventRounds "9"]
[EventCountry "FRA"]
[WhiteTeamCountry "FRA"]
[BlackTeamCountry "FRA"]

1. d4 e6 2. c4 f5 3. g3 Nf6 4. Bg2 d5 5. Nh3 c6 6. Qc2 Bd6 7. O-O O-O 8. Nf4
Qe7 9. Nd3 Nbd7 10. Bf4 dxc4 11. Qxc4 Nb6 12. Qb3 Bxf4 13. Nxf4 Kh8 14. Qa3 Re8
15. Nd3 Nc4 16. Qxe7 Rxe7 17. b3 Nd6 18. Nd2 Bd7 19. Rac1 Be8 20. Rfe1 Rd8 21.
e3 Nd7 22. f4 Nf6 23. h3 Kg8 24. Ne5 Kf8 25. Bf3 Nf7 26. Ndc4 Nd6 27. Nd2 Rc7
28. b4 Bh5 29. g4 Be8 30. g5 Nd5 31. a3 Rdc8 32. Kf2 Ke7 33. Rc2 Ra8 34. Nb3
Rac8 35. Rec1 Kd8 36. Nc5 Ke7 37. h4 Bf7 38. Nb3 Be8 39. Na5 Bd7 40. h5 Be8 41.
h6 g6 42. Nac4 Nxc4 43. Rxc4 a6 44. Rc5 Nb6 45. R5c2 Nd5 46. Ke2 Rd8 47. Kd2
Rcc8 48. Nd3 Rc7 49. a4 b5 50. axb5 axb5 51. Bxd5 exd5 52. Ra2 Rdc8 53. Rca1
Rd8 54. Ne5 Rb8 55. Ra6 Rbb7 56. Ra8 Rb6 57. Kc3 Rbb7 58. R1a6 Kf8 59. Kd2 Ke7
60. Kd3 Kf8 61. Nxc6 1-0